Separation technology: the next ten years
সংরক্ষণ করুন:
| প্রধান লেখক: | |
|---|---|
| বিন্যাস: | গ্রন্থ |
| ভাষা: | ইংরেজি |
| প্রকাশিত: |
Londres
Institution of Chemical Engineers
1994
|
| বিষয়গুলি: | |
| ট্যাগগুলো: |
ট্যাগ যুক্ত করুন
কোনো ট্যাগ নেই, প্রথমজন হিসাবে ট্যাগ করুন!
|
MARC
| LEADER | 00000nam a2200000 a 4500 | ||
|---|---|---|---|
| 001 | UCU2882 | ||
| 003 | CL-VaPUC | ||
| 008 | 960429e19940000UK |||||||||||||||||eng|d | ||
| 082 | 0 | 4 | |a 661 |b GAR |2 21 |
| 100 | 0 | |a Garside, John |e author |9 359452 | |
| 245 | 1 | 0 | |a Separation technology: the next ten years |
| 300 | |a 174 p | ||
| 942 | |c BK | ||
| 945 | |d 19960429 00:00:00 |a mcarcey | ||
| 260 | |a Londres |b Institution of Chemical Engineers |c 1994 | ||
| 650 | 7 | |a INGENIERIA QUIMICA |2 CL-VaPUC |9 8 | |
| 650 | 7 | |a CRISTALIZACION |2 CL-VaPUC |9 352270 | |
| 650 | 7 | |a DESTILACION REACTIVA |2 CL-VaPUC |9 359453 | |
| 650 | 7 | |a INGENIERIA QUIMICA |2 CL-VaPUC |9 8 | |
| 583 | |a last modification |c 19960429 00:00:00 |k Rodrigo Vera | ||
| 999 | |c 247064 |d 247062 | ||
| 952 | |0 0 |1 0 |4 0 |6 661_000000000000000_GAR_1994 |7 0 |8 A |9 262608 |a BIBING |b BIBING |d 2019-11-19 |i 3193039 |o 661 GAR 1994 |p 3193039 |r 2025-01-20 |w 2019-11-19 |y BK |k EIQ | ||